Welcome to CU Library Online Public Access Catalogue (OPAC)

A HISTORY OF THE JEWISH PEOPLE (Record no. 5943)

MARC details
000 -LEADER
fixed length control field 00423nam a22001457a 4500
005 - DATE AND TIME OF LATEST TRANSACTION
control field 20250526122503.0
008 - FIXED-LENGTH DATA ELEMENTS--GENERAL INFORMATION
fixed length control field 250526b |||||||| |||| 00| 0 eng d
020 ## - INTERNATIONAL STANDARD BOOK NUMBER
International Standard Book Number 1565630491
050 ## - LIBRARY OF CONGRESS CALL NUMBER
Classification number DS 122
Item number SCH
100 ## - MAIN ENTRY--PERSONAL NAME
Personal name SCHURER, EMIL
245 ## - TITLE STATEMENT
Title A HISTORY OF THE JEWISH PEOPLE
Remainder of title IN THE TIME OF JESUS CHRIST
Statement of responsibility, etc. EMIL SCHURER
260 ## - PUBLICATION, DISTRIBUTION, ETC.
Place of publication, distribution, etc. U S A
Name of publisher, distributor, etc. HENDRICKSON PUBLISHERS INC
Date of publication, distribution, etc. c2003
300 ## - PHYSICAL DESCRIPTION
Extent xii;, 379p;.
942 ## - ADDED ENTRY ELEMENTS (KOHA)
Source of classification or shelving scheme Library of Congress Classification
Koha item type Books
Suppress in OPAC No
999 ## -
-- 5943
-- 5943
Holdings
Withdrawn status Lost status Source of classification or shelving scheme Damaged status Not for loan Collection Home library Current library Shelving location Date acquired Total checkouts Full call number Barcode Date last seen Copy number Price effective from Koha item type
    Library of Congress Classification     Non-fiction Undergraduate Library (Christ Temple) Undergraduate Library (Christ Temple) General stacks 05/26/2025   DS122 SCH ulct00002661 05/26/2025 1 05/26/2025 Books
© 2023-2024 Copyright: Central University Libraries. All Rights Reserved | Created by: Mahone Tech Office